A gyorsétteremi láncok társadalmi felelősségvállalásának vizsgálata

Bibliographic Details
Main Author: Deak Mátyás
Other Authors: Csulak Ferenc
Szondi Dr. György
Format: Thesis
Kulcsszavak:Burger King
CSR
étterem
felelősségvállalás
gyorsétterem
KFC
McDonald's
Online Access:http://dolgozattar.uni-bge.hu/59196

MARC

LEADER 00000nta a2200000 i 4500
001 dolg59196
005 20251027143127.0
008 251027suuuu hu om 000 hun d
040 |a BGE Dolgozattár Repozitórium  |b hun 
041 |a hu 
100 1 |a Deak Mátyás 
245 1 2 |a A gyorsétteremi láncok társadalmi felelősségvállalásának vizsgálata  |c Deak Mátyás  |h [elektronikus dokumentum] 
520 3 |a A szakdolgozatom során három globális gyorsétterem lánc (McDonald’s, Burger King, KFC) CSR jelentéseit vizsgálom. Ehhez átfogó, megbízható módszertant alkalmazok, amely tudományos és szakmai forrásokra támaszkodik. Célom, hogy pontos képet adjak a jelentések tartalmáról és hitelességéről. A három gyorsétteremlánc CSR jelentéseinek összehasonlító elemzése révén teljes körű képet kaptam arról, hogy mennyire tekinthetőek valódi társadalmi felelősségvállalásnak ezek a CSR tevékenységek, vagy inkább marketing és imázsjavító célokat szolgálnak. A dolgozatom felépítését úgy állítottam össze, hogy logikusan vezessen végig a fontosabb témákon. Úgy raktam össze, hogy az olvasó könnyen követni tudja, hogyan jutottam el a kutatási kérdéstől az elért eredményekig. 
695 |a Burger King 
695 |a CSR 
695 |a étterem 
695 |a felelősségvállalás 
695 |a gyorsétterem 
695 |a KFC 
695 |a McDonald's 
700 1 |a Csulak Ferenc  |e ths 
700 1 |a Szondi Dr. György  |e ths 
856 4 0 |u http://dolgozattar.uni-bge.hu/59196/1/Deak%20M%C3%A1ty%C3%A1s_A%20GYORS%C3%89TTERMI%20L%C3%81NCOK%20T%C3%81RSADALMI%20FELEL%C5%90SS%C3%89GV%C3%81LLAL%C3%81S%C3%81NAK%20VIZSG%C3%81LATA.pdf  |z Dokumentum-elérés 
856 4 0 |u http://dolgozattar.uni-bge.hu/59196/2/Deak_Ma%CC%81tya%CC%81s_bi%CC%81ra%CC%81lat_ku%CC%88lso%CC%8B_k_CsF.pdf  |z Dokumentum-elérés 
856 4 0 |u http://dolgozattar.uni-bge.hu/59196/3/De%C3%A1k_M_biralat.pdf  |z Dokumentum-elérés